Statystyki dla Skróty polskich partii politycznych

Kliknij tutaj aby rozwiązać quiz!

Ogólne statystyki

  • Ten quiz został rozwiązany 433 razy
  • Średni wynik to 13 z 46

Statystyki odpowiedzi

skrótodpowiedź% Poprawnych
PiSPrawo i Sprawiedliwość
99%
KOKoalicja Obywatelska
95%
K'15Kukiz 15
94%
POPlatforma Obywatelska
94%
PSLPolskie Stronnictwo Ludowe
91%
SLDSojusz Lewicy Demokratycznej
76%
.NNowoczesna
72%
PPSPolska Partia Socjalistyczna
44%
PPPPPolska Partia Przyjaciół Piwa
38%
LPRLiga Polskich Rodzin
37%
UPUnia Pracy
34%
RNRuch Narodowy
32%
UWUnia Wolności
32%
UPRUnia Polityki Realnej
30%
SPSolidarna Polska
29%
AWSAkcja Wyborcza Solidarność
27%
UEDUnia Europejskich Demokratów
27%
iPLInicjatywa Polska
25%
KNPKongres Nowej Prawicy
22%
UDUnia Demokratyczna
22%
SDStronnictwo Demokratyczne
20%
PJNPolska Jest Najważniejsza
19%
PPPPolska Partia Pracy
19%
PCPorozumienie Centrum
19%
SDPLSocjaldemokracja Polska
18%
TRTwój Ruch
18%
KEKoalicja Europejska
17%
KORWiNKoalicja Odnowy Rzeczypospolitej Wolność i Nadzieja
14%
ZChNZjednoczenie Chrześcijańsko Narodowe
14%
PPNPolska Partia Narodowa
13%
KLDKongres Liberalno Demokratyczny
11%
WiSWolni i Solidarni
11%
BBWRBezpartyjny Blok Wspierania Reform
9%
PDPartia Demokratyczna
9%
ROPRuch Odbudowy Polski
8%
SdRPSocjaldemokracja Rzeczypospolitej Polskiej
8%
WiRWolność i Równość
8%
KPNKonfederacja Polski Niepodległej
7%
AWSPAkcja Wyborcza Solidarność Prawicy
5%
IFInicjatywa Feministyczna
5%
RLNRuch Ludowo Narodowy
5%
KPEiRKrajowa Partia Emerytów i Rencistów
4%
PLPolska Lewica
4%
SPStronnictwo Pracy
4%
WiPWolność i Praworządność
4%
SKLStronnictwo Konserwatywno Ludowe
3%

Rozkład punktacji

Percentyl według liczby udzielonych odpowiedzi

Procent ludzi z każdym wynikiem

Twoja historia wyników

Nie rozwiązałeś tego quizu